书目信息 |
| 题名: |
传感器与检测技术
|
|
| 作者: | 周乐挺 主编 | |
| 分册: | ||
| 出版信息: | 北京 高等教育出版社 2005.12 |
|
| 页数: | 193页 | |
| 开本: | 26cm | |
| 丛书名: | 银领工程系列 | |
| 单 册: | ||
| 中图分类: | TP212 | |
| 科图分类: | ||
| 主题词: | 传感器--chuan gan qi--检测--高等教育--教材 | |
| 电子资源: | ||
| ISBN: | 7-04-018105-3 | |
| 000 | 00899nam 2200253 450 | |
| 001 | 012006933304 | |
| 005 | 20061018164043.46 | |
| 010 | @a7-04-018105-3@dCNY16.40 | |
| 100 | @a20060921d2005 km y0chiy0120 ea | |
| 101 | 0 | @achi |
| 102 | @aCN@b110000 | |
| 105 | @ay a 000yy | |
| 200 | 1 | @a传感器与检测技术@Achuan gan qi yu jian ce ji shu@f周乐挺主编@Fzhou yue ting zhu bian |
| 210 | @a北京@c高等教育出版社@d2005.12 | |
| 215 | @a193页@d26cm | |
| 225 | 2 | @a银领工程系列@Ayin ling gong cheng xi lie |
| 320 | @a有书目。 | |
| 330 | @a本书内容有:第一部分为传感器的组成原理、特性和使用方法,包括电阻式、电容式等;第二部分结合大量的应用实例,介绍了测量系统的基本技术和温度、压力等。 | |
| 410 | 0 | @12001 @a银领工程系列 |
| 606 | 0 | @a传感器@Achuan gan qi@x检测@x高等教育@j教材 |
| 690 | @aTP212@v4 | |
| 701 | 0 | @a周乐挺@Azhou yue ting@4主编 |
| 801 | 0 | @aCN@c20061018 |
| 905 | @a10447@dTP212@eZ776 | |
| 传感器与检测技术/周乐挺主编.-北京:高等教育出版社,2005.12 |
| 193页;26cm.-(银领工程系列) |
| ISBN 7-04-018105-3:CNY16.40 |
| 本书内容有:第一部分为传感器的组成原理、特性和使用方法,包括电阻式、电容式等;第二部分结合大量的应用实例,介绍了测量系统的基本技术和温度、压力等。 |
| ● |
| 相关链接 |
|
|
|
正题名:传感器与检测技术
索取号:TP212/Z776
 
预约/预借
| 序号 | 登录号 | 条形码 | 馆藏地/架位号 | 状态 | 备注 |
| 1 | 222557 | 202225573 | 自科库301/301自科库 40排2列3层/ [索取号:TP212/Z776] | 在馆 | |
| 2 | 222558 | 202225582 | 自科库301/ [索取号:TP212/Z776] | 在馆 | |
| 3 | 222559 | 202225591 | 期刊室512/301自科库 36排1列2层/ [索取号:TP212/Z776] | 在馆 |